[Event "POL-chT 1st League"]
[Site "Leba"]
[Date "2023.09.28"]
[Round "6.3"]
[White "Poznanska, Katarzyna"]
[Black "Kulon, Klaudia"]
[Result "0-1"]
[WhiteElo "2020"]
[BlackElo "2319"]
[PlyCount "102"]
[EventDate "2023.09.23"]
[EventType "team-swiss"]
[EventRounds "9"]
[EventCountry "POL"]
[SourceTitle "EXT 2024"]
[Source "ChessBase"]
[SourceDate "2023.10.10"]
[SourceVersion "1"]
[SourceVersionDate "2023.10.10"]
[SourceQuality "1"]
[WhiteTeam "Opole Rodlo"]
[BlackTeam "Wrzos Miedzyborow"]
[WhiteTeamCountry "POL"]
[BlackTeamCountry "POL"]

1. e4 e5 2. Nf3 Nc6 3. Bb5 a6 4. Ba4 Nf6 5. Qe2 b5 6. Bb3 Be7 7. c3 0-0 8. 0-0 d6 9. h3 Na5 10. Bc2 c5 11. d4 Qc7 12. Bg5 h6 13. Bxf6 Bxf6 14. d5 g6 15. Nbd2 c4 16. Qe3 Bg7 17. b4 cxb3 18. axb3 Nb7 19. b4 Bd7 20. Rfc1 Rfc8 21. Bd3 a5 22. Nf1 Qd8 23. Rab1 f5 24. N1d2 Qe8 25. Nh4 f4 26. Qe2 Bf6 27. Nhf3 Bd8 28. Kh2 axb4 29. Rxb4 Ba5 30. Rbb1 Rc5 31. c4 b4 32. Nb3 Rb8 33. Qe1 Bd8 34. Qxb4 Rcc8 35. Qc3 g5 36. Ng1 g4 37. Be2 f3 38. gxf3 gxh3 39. f4 Qf7 40. Nxh3 Bxh3 41. Qxh3 Qxf4+ 42. Qg3+ Bg5 43. Rg1 Qf6 44. Rg2 Nc5 45. Qg4 Rf8 46. Bd1 Kh8 47. f3 Rg8 48. Qh3 Nd3 49. Qf5 Bf4+ 50. Kg1 Qh4 51. Be2 Rxg2+ 0-1

[Event "POL-chT 1st League"]
[Site "Leba"]
[Date "2023.09.26"]
[Round "4.8"]
[White "Kudlak, Julia"]
[Black "Poznanska, Katarzyna"]
[Result "0-1"]
[WhiteElo "1892"]
[BlackElo "2020"]
[PlyCount "82"]
[EventDate "2023.09.23"]
[EventType "team-swiss"]
[EventRounds "9"]
[EventCountry "POL"]
[SourceTitle "EXT 2024"]
[Source "ChessBase"]
[SourceDate "2023.10.10"]
[SourceVersion "1"]
[SourceVersionDate "2023.10.10"]
[SourceQuality "1"]
[WhiteTeam "Debica Gryf"]
[BlackTeam "Opole Rodlo"]
[WhiteTeamCountry "POL"]
[BlackTeamCountry "POL"]

1. d4 Nf6 2. c4 g6 3. Nc3 Bg7 4. e4 0-0 5. Nf3 d6 6. h3 e5 7. d5 Na6 8. Be3 Nc5 9. Nd2 a5 10. Be2 Ne8 11. g4 h6 12. h4 Bd7 13. Qc2 c6 14. 0-0-0 Nc7 15. g5 h5 16. Bxc5 dxc5 17. Na4 cxd5 18. Nxc5 d4 19. Nxb7 Qe7 20. c5 Bc6 21. Nd6 Ne6 22. Kb1 Rfb8 23. Rc1 Kh7 24. Ka1 a4 25. Nf5 Qb7 26. Rb1 Ra5 27. Nxg7 Rxc5 28. Qd1 Kxg7 29. b3 Qb4 30. Rh3 Nf4 31. bxa4 Qxa4 32. Rxb8 Qxd1+ 33. Bxd1 Nxh3 34. Bb3 Nxf2 35. Rc8 Nd3 36. Nc4 Bxe4 37. Rxc5 Nxc5 38. Nxe5 f6 39. Nc4 fxg5 40. hxg5 h4 41. Nd2 Nxb3+ 0-1

[Event "POL-chT 1st League"]
[Site "Sypniewo"]
[Date "2022.09.05"]
[Round "3.5"]
[White "Poznanska, Katarzyna"]
[Black "Szelag, Zuzanna"]
[Result "1/2-1/2"]
[WhiteElo "2035"]
[BlackElo "1843"]
[PlyCount "69"]
[EventDate "2022.09.03"]
[EventType "team-swiss"]
[EventRounds "9"]
[EventCountry "POL"]
[SourceTitle "CBM 210 Extra"]
[Source "ChessBase"]
[SourceDate "2022.11.30"]
[SourceVersion "1"]
[SourceVersionDate "2022.11.30"]
[SourceQuality "1"]
[WhiteTeam "Strzelce Opolskie Strzelec"]
[BlackTeam "Chrobry Gniezno"]
[WhiteTeamCountry "POL"]
[BlackTeamCountry "POL"]

1. e4 c5 2. Nf3 d6 3. d4 cxd4 4. Qxd4 a6 5. c4 Nc6 6. Qe3 Bg4 7. Nd4 g6 8. Nxc6 bxc6 9. Nc3 Bg7 10. h3 Be6 11. Be2 Nf6 12. 0-0 Nd7 13. Rb1 0-0 14. Bd2 Nb6 15. b3 a5 16. f4 d5 17. cxd5 cxd5 18. exd5 Nxd5 19. Nxd5 Bxd5 20. Bc3 Bxc3 21. Qxc3 Qb6+ 22. Kh2 Rac8 23. Qe5 Rfd8 24. Rbd1 e6 25. Rd2 Rc6 26. Bf3 Bxf3 27. Rxd8+ Qxd8 28. Rxf3 Qd2 29. a3 Rc2 30. Rg3 Rc1 31. Qb8+ Kg7 32. Qe5+ Kg8 33. Qb8+ Kg7 34. Qe5+ Kg8 35. Qb8+ 1/2-1/2

[Event "POL-chT 1st League"]
[Site "Sypniewo"]
[Date "2022.09.03"]
[Round "1.7"]
[White "Poznanska, Katarzyna"]
[Black "Rykala, Monika"]
[Result "1/2-1/2"]
[WhiteElo "2035"]
[BlackElo "1883"]
[PlyCount "107"]
[EventDate "2022.09.03"]
[EventType "team-swiss"]
[EventRounds "9"]
[EventCountry "POL"]
[SourceTitle "CBM 210 Extra"]
[Source "ChessBase"]
[SourceDate "2022.11.30"]
[SourceVersion "1"]
[SourceVersionDate "2022.11.30"]
[SourceQuality "1"]
[WhiteTeam "Strzelce Opolskie Strzelec"]
[BlackTeam "Bydgoszcz Hetman"]
[WhiteTeamCountry "POL"]
[BlackTeamCountry "POL"]

1. e4 c5 2. Nf3 Nc6 3. Bb5 a6 4. Bxc6 dxc6 5. h3 Nf6 6. Qe2 e6 7. 0-0 Be7 8. d3 Qc7 9. e5 Nd7 10. a4 a5 11. Na3 0-0 12. Bd2 Nb6 13. Nc4 Nd5 14. Bg5 Rd8 15. Rad1 h6 16. Bxe7 Nxe7 17. Nd6 Nf5 18. Nxf5 exf5 19. d4 cxd4 20. Rxd4 Be6 21. Rfd1 Bd5 22. Qd3 Re8 23. Qxf5 g6 24. Qf4 Re7 25. Qxh6 Bxf3 26. gxf3 Qxe5 27. Re4 Qf6 28. Rxe7 Qxe7 29. Qe3 Qf6 30. c3 Rd8 31. Rxd8+ Qxd8 32. Kg2 Kg7 33. Qe5+ f6 34. Qe4 f5 35. Qe5+ Kf7 36. Qf4 Kg7 37. h4 Kh7 38. Kg3 Qd1 39. Qc7+ Kh6 40. Qf4+ Kh7 41. Qc7+ Kh6 42. Qf4+ Kh7 43. Kg2 Qd8 44. Kg3 Qd1 45. Kg2 Qd8 46. h5 Qe7 47. hxg6+ Kxg6 48. Qe3 Qf6 49. Qb6 Qg5+ 50. Kf1 Qc1+ 51. Kg2 Qg5+ 52. Kf1 Qc1+ 53. Kg2 Qg5+ 54. Kf1 1/2-1/2

[Event "POL-chT 2nd League"]
[Site "Jastrzebia Gora"]
[Date "2019.09.12"]
[Round "6.9"]
[White "Poznanska, Katarzyna"]
[Black "Jakubiec, Edyta"]
[Result "1/2-1/2"]
[WhiteElo "2082"]
[BlackElo "2221"]
[PlyCount "72"]
[EventDate "2019.09.07"]
[EventType "team-swiss"]
[EventRounds "9"]
[EventCountry "POL"]
[SourceTitle "EXT 2020"]
[Source "ChessBase"]
[SourceDate "2019.10.17"]
[SourceVersion "1"]
[SourceVersionDate "2019.10.17"]
[SourceQuality "1"]
[WhiteTeam "Strzelce Opolskie Strzelec"]
[BlackTeam "Gliwice Roszada"]
[WhiteTeamCountry "POL"]
[BlackTeamCountry "POL"]

1. e4 c5 2. Nf3 d6 3. d4 cxd4 4. Qxd4 Nc6 5. Bb5 Bd7 6. Bxc6 Bxc6 7. Nc3 e5 8. Qd3 h6 9. 0-0 Nf6 10. Rd1 a6 11. a4 Be7 12. a5 0-0 13. Be3 Qd7 14. Nd2 Qe6 15. Nf1 Rad8 16. Bb6 Rd7 17. Ne3 Nh5 18. Ncd5 Nf4 19. Nxf4 exf4 20. Nd5 Bg5 21. c4 f5 22. Re1 fxe4 23. Rxe4 Qg6 24. f3 Rdf7 25. Rae1 Bd7 26. Qe2 Qh5 27. Bd4 Bd8 28. b4 Bh4 29. Bf2 Bd8 30. Qd2 g5 31. Ne7+ Bxe7 32. Rxe7 Qg6 33. Rxf7 Rxf7 34. Qd5 Bc6 35. Qe6 Kh7 36. Qxg6+ Kxg6 1/2-1/2

[Event "POL-ch blitz (Women)"]
[Site "Szczawno Zdroj"]
[Date "2018.12.16"]
[Round "6"]
[White "Parol, Pola"]
[Black "Poznanska, Katarzyna"]
[Result "1-0"]
[WhiteElo "2114"]
[BlackElo "2082"]
[PlyCount "59"]
[EventDate "2018.12.16"]
[EventType "swiss (blitz)"]
[EventRounds "13"]
[EventCountry "POL"]
[SourceTitle "CBM 187 Extra"]
[Source "ChessBase"]
[SourceDate "2018.11.04"]
[SourceVersion "1"]
[SourceVersionDate "2018.11.04"]
[SourceQuality "1"]

1. e4 c5 2. Nf3 e6 3. d4 cxd4 4. Nxd4 a6 5. c4 Qc7 6. Nc3 Nf6 7. Be2 Be7 8. 0-0 Nc6 9. Be3 0-0 10. Qd2 d6 11. f3 Nd7 12. b3 Nde5 13. Kh1 Nxd4 14. Bxd4 Nc6 15. Be3 Bf6 16. Rac1 Rd8 17. Rfd1 b6 18. Qe1 Bb7 19. Qf2 Rd7 20. Bxb6 Qc8 21. a4 h6 22. a5 Nb4 23. Na4 Na2 24. Rc2 Nb4 25. Rcd2 d5 26. Nc5 Rd6 27. exd5 exd5 28. Na4 Re6 29. Bc5 Nc6 30. cxd5 1-0

[Event "POL-chT 1st League"]
[Site "Jastrzebia Gora"]
[Date "2015.09.12"]
[Round "8.24"]
[White "Warakomska, Anna"]
[Black "Poznanska, Katarzyna"]
[Result "1-0"]
[WhiteElo "2267"]
[BlackElo "2106"]
[PlyCount "77"]
[EventDate "2015.09.05"]
[EventType "team-tourn"]
[EventRounds "9"]
[EventCountry "POL"]
[SourceTitle "EXT 2016"]
[Source "ChessBase"]
[SourceDate "2015.10.08"]
[SourceVersion "1"]
[SourceVersionDate "2015.10.08"]
[SourceQuality "1"]
[WhiteTeam "Gliwice Akademia Szachowa"]
[BlackTeam "Legnica Miedz"]
[WhiteTeamCountry "POL"]
[BlackTeamCountry "POL"]

1. e4 c5 2. Nf3 d6 3. d4 cxd4 4. Qxd4 a6 5. h3 Nc6 6. Qe3 Nf6 7. c4 g6 8. Bd2 Bg7 9. Nc3 0-0 10. Be2 h6 11. 0-0 Be6 12. Rac1 Nd7 13. b3 Rc8 14. Rfe1 Nc5 15. Nd5 a5 16. Bc3 Bxc3 17. Rxc3 Kh7 18. a3 Nd7 19. Nf4 Nde5 20. Nxe5 dxe5 21. Nxe6 fxe6 22. c5 Nd4 23. b4 axb4 24. axb4 Ra8 25. Bc4 Ra4 26. b5 Qa5 27. Rb1 Rc8 28. Bf1 Rb4 29. Rd1 Qa4 30. Rcc1 Qb3 31. Rd3 Qb2 32. Rdc3 Nxb5 33. Bxb5 Rxb5 34. Qf3 Kg7 35. Qg3 Rb3 36. Qxe5+ Kh7 37. Qxe6 Rxc3 38. Qxe7+ Kg8 39. Qe6+ 1-0

[Event "POL-chT 1st League"]
[Site "Jastrzebia Gora"]
[Date "2015.09.10"]
[Round "6.30"]
[White "Chrzaszcz, Malvina"]
[Black "Poznanska, Katarzyna"]
[Result "1-0"]
[WhiteElo "2039"]
[BlackElo "2106"]
[PlyCount "59"]
[EventDate "2015.09.05"]
[EventType "team-tourn"]
[EventRounds "9"]
[EventCountry "POL"]
[SourceTitle "EXT 2016"]
[Source "ChessBase"]
[SourceDate "2015.10.08"]
[SourceVersion "1"]
[SourceVersionDate "2015.10.08"]
[SourceQuality "1"]
[WhiteTeam "Myslenice"]
[BlackTeam "Legnica Miedz"]
[WhiteTeamCountry "POL"]
[BlackTeamCountry "POL"]

1. e4 c5 2. Nf3 e6 3. d4 cxd4 4. Nxd4 a6 5. Bd3 Qc7 6. 0-0 Nf6 7. Qe2 d6 8. c4 Be7 9. Nc3 0-0 10. f4 Nbd7 11. Kh1 b6 12. Bd2 Bb7 13. Rae1 Rfd8 14. Bb1 Rac8 15. b3 Bf8 16. Nf3 e5 17. f5 Bc6 18. Nd5 Bxd5 19. cxd5 b5 20. Ng5 Qb6 21. g4 h6 22. Nh3 Qd4 23. g5 hxg5 24. Nxg5 Nh7 25. Nxh7 Kxh7 26. Be3 Qb4 27. f6 g6 28. Rf3 Kg8 29. Rg1 Nc5 30. Bd2 1-0

[Event "POL-chT2"]
[Site "Poronin"]
[Date "2013.09.11"]
[Round "5.6"]
[White "Poznanska, Katarzyna"]
[Black "Cherednichenko, Elena"]
[Result "1/2-1/2"]
[WhiteElo "2121"]
[BlackElo "2177"]
[PlyCount "107"]
[EventDate "2013.09.06"]
[EventType "team-swiss"]
[EventRounds "9"]
[EventCountry "POL"]
[SourceTitle "EXT 2015"]
[Source "ChessBase"]
[SourceDate "2014.11.20"]
[SourceVersion "1"]
[SourceVersionDate "2014.11.20"]
[SourceQuality "1"]
[WhiteTeam "Wroclaw KS Polonia Votum II"]
[BlackTeam "Raciborz KSz Silesia"]
[WhiteTeamCountry "POL"]
[BlackTeamCountry "POL"]

1. b3 d5 2. Bb2 Nf6 3. e3 Bf5 4. Nf3 h6 5. Be2 e6 6. 0-0 Bd6 7. d3 Nbd7 8. Nbd2 0-0 9. Re1 e5 10. d4 e4 11. Ne5 Qe7 12. Nxd7 Nxd7 13. f4 Be6 14. c4 c6 15. Rf1 f5 16. c5 Bc7 17. b4 a6 18. Nb3 Nf6 19. h3 Kh7 20. Kh1 Ne8 21. Qe1 g5 22. g3 Rg8 23. Qf2 Ng7 24. a4 Bd7 25. Bc3 gxf4 26. gxf4 Be8 27. Rg1 Bd8 28. Rg2 Qh4 29. Qxh4 Bxh4 30. Rag1 Bf7 31. Na5 Rab8 32. Kh2 Be8 33. Bd2 Kh8 34. Bc3 Kh7 35. Bd1 Kh8 36. Be2 Kh7 37. Nb3 Bd7 38. Be1 Bxe1 39. Rxe1 Ne6 40. Rxg8 Rxg8 41. Na5 Nd8 42. Rb1 Kg7 43. b5 axb5 44. axb5 Kf6 45. bxc6 bxc6 46. Rb8 Ke7 47. Nb7 Rf8 48. Kg3 Nxb7 49. Rxb7 Ra8 50. Rb3 Ra2 51. Bf1 Ra1 52. Be2 Ra2 53. Bf1 Ra1 54. Be2 1/2-1/2

[Event "Wroclaw Anderssen Memorial op 22nd"]
[Site "Wroclaw"]
[Date "2013.06.29"]
[Round "7"]
[White "Poznanska, Katarzyna"]
[Black "Cyborowski, Lukasz"]
[Result "1-0"]
[WhiteElo "2114"]
[BlackElo "2548"]
[PlyCount "87"]
[EventDate "2013.06.29"]
[EventType "swiss (rapid)"]
[EventRounds "9"]
[EventCountry "POL"]
[SourceTitle "CBM 155 Extra"]
[Source "ChessBase"]
[SourceDate "2013.08.26"]
[SourceVersion "1"]
[SourceVersionDate "2013.08.26"]
[SourceQuality "1"]

1. e4 c5 2. Nf3 e6 3. d4 cxd4 4. Nxd4 a6 5. Bd3 Qc7 6. 0-0 Nf6 7. Qe2 d6 8. Kh1 Be7 9. f4 Nbd7 10. c4 0-0 11. Nc3 b6 12. Bd2 Bb7 13. Rae1 Rac8 14. b3 Rfe8 15. e5 dxe5 16. fxe5 Qxe5 17. Qxe5 Nxe5 18. Rxe5 Red8 19. Nce2 Ng4 20. Rh5 h6 21. Bc1 Bc5 22. Rh4 f5 23. h3 Be7 24. hxg4 Bxh4 25. Bc2 fxg4 26. Nxe6 Re8 27. N6d4 Bf6 28. Bf5 Rcd8 29. Ne6 Rd6 30. N6f4 Red8 31. Be6+ Kh8 32. Bd5 Bc8 33. Ba3 R6d7 34. Ng3 Ra7 35. Ne4 Be5 36. Ng6+ Kh7 37. Nxe5 Bb7 38. Nxg4 Bxd5 39. cxd5 h5 40. Ne3 Re8 41. Ng5+ Kg6 42. Ne6 Rd7 43. Rf3 Kh7 44. Nf8+ 1-0

[Event "POL-chT (Women) 5th"]
[Site "Wroclaw"]
[Date "2012.12.01"]
[Round "2"]
[White "Krupa, Monika"]
[Black "Poznanska, Katarzyna"]
[Result "0-1"]
[WhiteElo "2253"]
[BlackElo "2096"]
[PlyCount "56"]
[EventDate "2012.11.30"]
[EventType "team-tourn"]
[EventRounds "4"]
[EventCountry "POL"]
[SourceTitle "EXT 2019"]
[Source "ChessBase"]
[SourceDate "2018.10.10"]
[SourceVersion "1"]
[SourceVersionDate "2018.10.10"]
[SourceQuality "1"]
[WhiteTeam "Wroclaw Politechnika (W)"]
[BlackTeam "Wroclaw Polonia (W)"]
[WhiteTeamCountry "POL"]
[BlackTeamCountry "POL"]

1. e4 c5 2. Nc3 a6 3. g3 b5 4. Bg2 Bb7 5. d3 e6 6. Nf3 d6 7. 0-0 Nd7 8. Re1 Ngf6 9. Qe2 Qc7 10. a4 b4 11. Nd1 Be7 12. Ne3 a5 13. Nd2 Nb6 14. f4 Nfd7 15. f5 Ne5 16. fxe6 fxe6 17. Bh3 Bc8 18. Rf1 Bf6 19. Ng2 Qe7 20. Nf4 0-0 21. Nh5 Bg5 22. b3 Rxf1+ 23. Nxf1 Bxc1 24. Rxc1 Nc6 25. Ne3 g6 26. Nf4 e5 27. Nfd5 Nxd5 28. exd5 Nd4 0-1

[Event "Krakow op-A 22nd"]
[Site "Krakow"]
[Date "2011.12.29"]
[Round "3"]
[White "Skawinski, Arkadiusz"]
[Black "Poznanska, Katarzyna"]
[Result "1-0"]
[WhiteElo "2300"]
[BlackElo "2077"]
[PlyCount "79"]
[EventDate "2011.12.27"]
[EventType "swiss"]
[EventRounds "9"]
[EventCountry "POL"]
[SourceTitle "CBM 146 Extra"]
[Source "ChessBase"]
[SourceDate "2012.02.29"]
[SourceVersion "1"]
[SourceVersionDate "2012.02.29"]
[SourceQuality "1"]

1. e4 c5 2. c3 b6 3. d4 Bb7 4. Bd3 Nf6 5. d5 g6 6. Nf3 Bg7 7. Bg5 0-0 8. Qd2 d6 9. 0-0 Nbd7 10. c4 b5 11. Nc3 bxc4 12. Bxc4 Qb6 13. Bb5 Ba6 14. Bxa6 Qxa6 15. Bh6 Rab8 16. Bxg7 Kxg7 17. b3 Rb4 18. Rae1 Rc8 19. e5 dxe5 20. Nxe5 Nxe5 21. Rxe5 Qd6 22. Re2 c4 23. Qb2 Kg8 24. Rfe1 cxb3 25. axb3 Rc7 26. Ne4 Nxe4 27. Rxe4 Rxe4 28. Rxe4 Qxd5 29. Re1 e5 30. h3 f6 31. Re3 Kf7 32. Qe2 h5 33. Rd3 Qe6 34. Qd2 Qc6 35. Kh2 g5 36. Rd6 Qe4 37. Rxf6+ Kxf6 38. Qd6+ Kf5 39. Qxc7 Qd4 40. Qf7+ 1-0

[Event "POL-chT (Women) 4th"]
[Site "Wroclaw"]
[Date "2011.12.03"]
[Round "3"]
[White "Guzik, Jolanta"]
[Black "Poznanska, Katarzyna"]
[Result "1/2-1/2"]
[WhiteElo "2159"]
[BlackElo "2077"]
[PlyCount "139"]
[EventDate "2011.12.02"]
[EventType "team-swiss"]
[EventRounds "5"]
[EventCountry "POL"]
[SourceTitle "EXT 2019"]
[Source "ChessBase"]
[SourceDate "2018.10.10"]
[SourceVersion "1"]
[SourceVersionDate "2018.10.10"]
[SourceQuality "1"]
[WhiteTeam "Jaworzno JKSz MCKiS (W)"]
[BlackTeam "Wroclaw KS Polonia (W)"]
[WhiteTeamCountry "POL"]
[BlackTeamCountry "POL"]

1. e4 c5 2. c4 Nc6 3. Nc3 g6 4. g3 Bg7 5. Bg2 e6 6. Nge2 h5 7. h3 Nge7 8. d3 d6 9. Be3 Nd4 10. a3 Nec6 11. Rb1 a5 12. f4 0-0 13. Bf2 Nxe2 14. Nxe2 a4 15. 0-0 Nd4 16. Nc3 Bd7 17. Kh2 Bc6 18. g4 hxg4 19. hxg4 g5 20. f5 Be5+ 21. Kg1 Qf6 22. Re1 Qh6 23. Re3 Qh2+ 24. Kf1 Kg7 25. Ne2 Nxe2 26. Qxe2 Rh8 27. Bg1 Qf4+ 28. Qf3 Rh4 29. Bf2 Rxg4 30. Bh3 Qxf3 31. Rxf3 Rf4 32. Rxf4 Bxf4 33. fxe6 Rh8 34. Kg2 fxe6 35. Bxe6 Rh2+ 36. Kf3 Kf6 37. Bf5 Be8 38. Bg4 b5 39. cxb5 Bxb5 40. Rd1 Be5 41. Rd2 Bf4 42. Rd1 Bc6 43. Rb1 Bb5 44. Rd1 Be5 45. Rd2 Kg6 46. Bf5+ Kf6 47. Bg4 Ke7 48. Be3 Rxd2 49. Bxg5+ Bf6 50. Bxd2 Bxb2 51. Ke3 Bxa3 52. d4 Bb2 53. dxc5 dxc5 54. Bd1 Bd4+ 55. Kf4 a3 56. Bb3 Kf6 57. Ba2 Be2 58. Be1 c4 59. Bh4+ Ke6 60. Be1 Bd3 61. Bb4 Bb2 62. Bf8 Bc1+ 63. Kf3 Kf6 64. Bb4 Bb2 65. Kf4 Be5+ 66. Ke3 Bb2 67. Kd2 Ke5 68. Bxa3 Bxa3 69. Kc3 Bxe4 70. Bxc4 1/2-1/2

[Event "Olomouc IM-A"]
[Site "Olomouc"]
[Date "2011.08.10"]
[Round "8"]
[White "Poznanska, Katarzyna"]
[Black "Jurek, Josef"]
[Result "1/2-1/2"]
[WhiteElo "2068"]
[BlackElo "2324"]
[PlyCount "39"]
[EventDate "2011.08.03"]
[EventType "tourn"]
[EventRounds "9"]
[EventCountry "CZE"]
[EventCategory "2"]
[SourceTitle "CBM 144 Extra"]
[Source "ChessBase"]
[SourceDate "2011.10.28"]
[SourceVersion "1"]
[SourceVersionDate "2011.10.28"]
[SourceQuality "1"]

1. e4 e6 2. d4 d5 3. Nd2 Nf6 4. e5 Nfd7 5. Bd3 c5 6. c3 Nc6 7. Ne2 cxd4 8. cxd4 f6 9. exf6 Qxf6 10. 0-0 Bd6 11. Nf3 h6 12. Bc2 0-0 13. Qd3 Rd8 14. Qh7+ Kf7 15. Ng3 Nf8 16. Qh8 Ng6 17. Qh7 Nf8 18. Qh8 Ng6 19. Qh7 Nf8 20. Qh8 1/2-1/2

[Event "Olomouc IM-A"]
[Site "Olomouc"]
[Date "2011.08.07"]
[Round "5"]
[White "Poznanska, Katarzyna"]
[Black "Wiley, Tom E"]
[Result "1-0"]
[WhiteElo "2068"]
[BlackElo "2306"]
[PlyCount "103"]
[EventDate "2011.08.03"]
[EventType "tourn"]
[EventRounds "9"]
[EventCountry "CZE"]
[EventCategory "2"]
[SourceTitle "CBM 144 Extra"]
[Source "ChessBase"]
[SourceDate "2011.10.28"]
[SourceVersion "1"]
[SourceVersionDate "2011.10.28"]
[SourceQuality "1"]

1. e4 c6 2. d4 d5 3. Nc3 dxe4 4. Nxe4 Nd7 5. Nf3 Ngf6 6. Nxf6+ Nxf6 7. Bc4 Bf5 8. Qe2 e6 9. Bg5 Be7 10. 0-0 0-0 11. Rad1 b5 12. Bxf6 Bxf6 13. Bd3 Bxd3 14. Rxd3 Qb6 15. Ne5 Rad8 16. c3 Rd5 17. Ng4 Be7 18. b4 Qc7 19. f4 g6 20. Rh3 Re8 21. f5 Bg5 22. fxg6 fxg6 23. Ne5 Rf8 24. Rxf8+ Kxf8 25. Rf3+ Kg8 26. Qf2 Qg7 27. h4 Bc1 28. g4 Rxe5 29. dxe5 Qxe5 30. g5 Qd6 31. Qd4 Qxd4+ 32. cxd4 Bb2 33. Rf4 Ba3 34. Rf6 Bxb4 35. Rxe6 c5 36. d5 c4 37. d6 Kf7 38. d7 Be7 39. Rf6+ Kg7 40. Kf1 h6 41. Ke2 hxg5 42. hxg5 b4 43. Ra6 Kf7 44. Rf6+ Kg7 45. Rd6 Bd8 46. Re6 b3 47. axb3 cxb3 48. Kd3 a5 49. Re8 Bxg5 50. d8Q Bxd8 51. Rxd8 a4 52. Rb8 1-0